Cronicques et conquestes de Charlemaine : reproduction des 105 miniatures de Jean le Tavernier, d'Audenarde (1460) /

Hlavní autor: Le Tavernier, Jean, činný 1450-1460
Další autoři: Karel, franský král a římský císař, asi 742-814, Van den Gheyn, J.
Jazyk: Francouzština
Vydáno: Bruxelles : Vromant, 1909
Témata:
Fyzický popis: 24 s., 105 l. : il. ; 21 cm
Knihy
Uloženo v:
LEADER 01032nam a2200253 a 4500
001 000598535
003 CZ BrMZK
005 20230515125629.0
008 020506s1909 be f fre d
040 |a BOA001  |b cze 
100 1 |a Le Tavernier, Jean,  |d činný 1450-1460  |7 jx20130218004  |4 ill 
245 1 0 |a Cronicques et conquestes de Charlemaine :  |b reproduction des 105 miniatures de Jean le Tavernier, d'Audenarde (1460) /  |c par J. van den Gheyn 
246 1 8 |a Charlemagne 
260 |a Bruxelles :  |b Vromant,  |c 1909 
300 |a 24 s., 105 l. :  |b il. ;  |c 21 cm 
500 |a Hřbetní název: Charlemagne 
563 |a Z knihovny J. Floriana 
610 2 7 |a Moravská zemská knihovna (Brno, Česko).  |b Florianova knihovna  |7 mzk2006318440  |2 czenas 
700 0 |a Karel,  |c franský král a římský císař,  |d asi 742-814  |7 jo20000082682 
700 1 |a Van den Gheyn, J.  |4 com 
910 |a BOA001  |b FLO-1102.510 
990 |a BK 
993 |a Y 
996 6 |b 2610160114  |c FLO-1102.510  |l MZK  |r Sklad / do 24 hodin  |n 2  |p kup  |w 000598535  |u 000010  |a 1  |e BOA001  |j MZK50  |s P